000 00946nmm a2200325 a 4500
003 AR-BaBNM
005 20251128210139.0
008 239019s1997 ||||||||||||||000 | spa||
020 _a950-34-095-3
040 _cAR-BaBNM
100 1 _aPapale, Susana
245 1 0 _aEducación ambiental
_buna causa común
260 _aLa Plata
_bUniversidad nacional de La Plata
_c1997
300 0 _a160 p.
_bil., tablas
650 4 _aEDUCACION AMBIENTAL
650 4 _aMEDIO AMBIENTE
650 4 _aPLAGUICIDAS
650 4 _aESPACIOS URBANOS
650 4 _aPROTECCION DE LA FLORA Y LA FAUNA SILVESTRES
650 4 _aCONSERVACION DE LA ENERGIA
650 4 _aCALIDAD DE VIDA
650 4 _aCONSERVACION DEL MEDIO AMBIENTE
653 0 _aTEMAS TRANSVERSALES
653 0 _aCONTAMINACION AMBIENTAL
653 0 _aDESARROLLO SUSTENTABLE
653 0 _aCONTENIDOS CURRICULARES
700 1 _aRuiz Batal, Alejandro
942 _cBK
998 _cRaquel
999 _c14250
_d14250